000
00310nam a2200133Ia 4500
005
20251222144921.0
008
251222s9999||||xx |||||||||||||| ||spa||
020
_a
0-582-31750-9
082
_a
428.4/C25
100
_a
Candlin, Christopher N.
245
0
_a
Writing:
264
_b
Addison Wesley
942
_c
LIB
999
_c
22708
_d
22708